000 00327nam a22001337a 4500
008 170524b xxu||||| |||| 00| 0 eng d
020 _a9780792340751
041 _aeng
080 _a62
100 _a26
101 _aIM
245 _aCOMPUTATIONAL INTELLINGEN APPLICATION TO POWER SYTEM
_cSONG.Y H
942 _2udc
_cBK
999 _c14007
_d14007